01456 a2200217 4500003000500000005001700005010001300022040000900035082001500044100003300059245006400092250001100156260002700167300001700194505079500211600003301006650003001039942002401069999001901093952012601112Nust20230201114141.0 a58007388 cNust a808.83,LED aLederer, William J.,9108343 aThe ugly American / cWilliam J. Lederer and Eugene Burdick a1st ed aNew YorkbNortonc1958 a285 pb22 cm aA Note From the Authors (Page-7), Lucky (Page-11), Lucky Lou no. 2 (Page-33), Nine Friends (Page-43), Everybody Loves Joe Bing (Page-66), Confidential and Personal (Page-74), Employment Opportunities Abroad (Page-77), The Girl Who Got Recruited (Page-83),The Ambassador And The Working Press (Page-87), Everyone his Ears (Page-93), The Ragtime Kid (Page-110), The Iron of War (Page-115), The Iron of War (Page-132), The Lessons of War (Page-132), How to Would You Do If you ere President ?(Page-144), How to Buy an American Junior Grade (Page-155), The Six – Foot Swami From Savannah (Page-174), Captain Boning, USN (Page-191),The Ugly American (Page-205), The Bent Back of Chang Dong (Page-232), Senator Sir (Page-239), The Sum of Tiny Things (Page-264), A Factual Epilogue (Page-271). aLederer, William J.,9108343 aThe ugly American9108344 2ddccBKk808.83,LED c186371d186371 00102ddc4070aMCSbMCScGENd2016-12-12o808.83,LEDpMCS29926r2016-12-08w2016-12-12yBKzAlmirah No. 57, Shelf No. 1